11 All-Time de l'Equipe d'Angleterre - Statistiques

Statistiques générales
  • Ce quiz a été pris 270 fois
  • Le résultat moyen est 9 sur 16
Statistiques - réponses
Poste Années Réponse % Correct
Buteur 2015- Harry Kane
92%
Remplaçant (Milieu Central) 2000-2014 Steven Gerrard
86%
Milieu de terrain 1999-2014 Frank Lampard
85%
Second Attaquant 2003-2018 Wayne Rooney
85%
Défenseur Droit 2011- Kyle Walker
79%
Défenseur Central 1997-2011 Rio Ferdinand
76%
Défenseur Gauche 2001-2014 Ashley Cole
73%
Milieu de terrain 1958-1972 Bobby Charlton
72%
Milieu de terrain 1996-2009 David Beckham
61%
Remplaçant (Défenseur Central) 2003-2012 John Terry
57%
Défenseur Central 1961-1973 Bobby Moore
52%
Buteur 1984-1992 Gary Lineker
39%
Gardien 1963-1972 Gordon Banks
34%
Remplaçant (Gardien) 1970-1990 Peter Shilton
7%
Remplaçant (Attaquant) 1959-1967 Jimmy Greaves
4%
Sélectionneur 1963-1974 Alf Ramsey
3%
Aucun quiz correspondant
Distribution des résultats
% des personnes avec chaque résultat
Percentile par nombre de réponses
Votre historique - résultats
Vous n’avez pas pris ce quiz